| 000 | 00605nam a2200193 i 4500 | ||
|---|---|---|---|
| 001 | 87275 | ||
| 003 | ES-MaACL | ||
| 005 | 20250607063023.0 | ||
| 007 | t| | ||
| 008 | 041220s1902 fr ||||1| fre d | ||
| 100 | 1 |
_aKropotkin, Piotr Alekseevich, _d1842-1921 _9240800 |
|
| 245 | 1 | 0 |
_aAutour d'une vie _b: mémoires / _cPiotr Alexievich Kropotkin ; préface de Georges Brandés. |
| 250 | _a3eme ed. | ||
| 260 |
_aParís : _bP. V. Stock, _c1902 ( _fEmile Colin) |
||
| 300 |
_aXI, 536 p. ; _c18 cm. |
||
| 700 | 1 |
_aBrandes, Georges. _931340 |
|
| 852 |
_aES-MaACL _jD-919 |
||
| 999 |
_c87275 _d87275 |
||